Tous les pays par point culminant - Statistiques

Statistiques générales
  • Ce quiz a été pris 679 fois
    670 depuis la dernière actualisation
  • Le résultat moyen est 38 sur 196
Statistiques - réponses
Continent Point culminant Hauteur Pays % Correct
Asie Everest 8848 m Chine
96%
Asie Everest 8848 m Népal
95%
Asie K2 8611 m Pakistan
72%
Asie Kangchenjunga 8586 m Inde
69%
Europe Mont Blanc 4808 m France
67%
Europe Mont Blanc 4808 m Italie
66%
Amérique du Sud Aconcagua 6962 m Argentine
65%
Amérique du Nord Mont Logan 5959 m Canada
63%
Amérique du Sud Nevado Ojos del Salado 6893 m Chili
63%
Amérique du Nord Denali 6190 m Etats-Unis
63%
Afrique Kilimandjaro 5892 m Tanzanie
63%
Amérique du Sud Huascarán 6768 m Pérou
62%
Afrique Mont Kenya 5199 m Kenya
61%
Asie/Europe Elbrouz 5642 m Russie
61%
Amérique du Sud Nevado Sajama 6542 m Bolivie
60%
Asie Gangkhar Puensum 7570 m Bhoutan
58%
Amérique du Sud Chimborazo 6263 m Equateur
58%
Europe Pointe Dufour 4634 m Suisse
56%
Amérique du Sud Pic Cristóbal Colón 5775 m Colombie
54%
Amérique du Nord Pic d'Orizaba 5675 m Mexique
53%
Asie Mont Fuji 3776 m Japon
51%
Europe Großglockner 3798 m Autriche
49%
Amérique du Sud Pico Bolívar 4978 m Venezuela
49%
Afrique Mont Cameroun 4070 m Cameroun
45%
Asie Pic Ismail Samani 7495 m Tadjikistan
44%
Océanie Mont Cook/Aoraki 3724 m Nouvelle-Zélande
43%
Asie Nowshak 7485 m Afghanistan
42%
Asie Jengish Chokusu 7439 m Kirghizistan
41%
Océanie Mont Wilhelm 4509 m Papouasie Nouvelle-Guinée
41%
Europe Mont Olympe 2917 m Grèce
40%
Asie Khan Tengri 7010 m Kazakhstan
38%
Asie Mont Ararat 5137 m Turquie
38%
Asie Puncak Jaya 4884 m Indonésie
36%
Afrique Mont Stanley 5109 m République démocratique du Congo
36%
Amérique du Nord Tajumulco 4220 m Guatemala
35%
Europe Teide 3715 m Espagne
34%
Asie Hkakabo Razi 5881 m Birmanie
31%
Asie Mont Damavand 5610 m Iran
31%
Afrique Mont Stanley 5109 m Ouganda
31%
Europe Zugspitze 2962 m Allemagne
29%
Amérique du Nord Cerro Chirripó 3820 m Costa Rica
29%
Asie Khazret Sultan 4643 m Ouzbékistan
27%
Afrique Djebel Toubkal 4167 m Maroc
26%
Asie Bazardüzü 4466 m Azerbaïdjan
25%
Asie Chkhara 5193 m Géorgie
25%
Europe Pic de Coma Pedrosa 2942 m Andorre
24%
Amérique du Sud Pico da Neblina 2995 m Brésil
24%
Afrique Ras Dashan 4550 m Ethiopie
24%
Europe Galdhøpiggen 2469 m Norvège
24%
Amérique du Nord Barú 3474 m Panama
24%
Asie Phan Xi Păng 3143 m Viêt Nam
23%
Asie Yu Shan 3952 m Taïwan
22%
Afrique Pico de São Tomé 2024 m São Tomé-et-Principe
21%
Asie Aragats 4095 m Arménie
20%
Europe Møllehøj 170 m Danemark
20%
Océanie lieu non nommé 5 m Tuvalu
20%
Océanie Mont Kosciuszko 2228 m Australie
19%
Europe Hvannadalshnjúkur 2109 m Islande
19%
Asie Kujten Uul 4374 m Mongolie
19%
Amérique du Nord Pico Duarte 3098 m République dominicaine
19%
Europe Moldoveanu 2544 m Roumanie
19%
Europe lieu non nommé 75 m Vatican
19%
Asie Jabal an Nabi Shu'ayd 3666 m Yémen
19%
Europe Signal de Botrange 694 m Belgique
18%
Amérique du Sud Mont Roraima 2772 m Guyana
18%
Afrique Mont Karisimbi 4507 m Rwanda
18%
Amérique du Nord Cerro Las Minas 2870 m Honduras
17%
Asie Mont Kinabalu 4095 m Malaisie
17%
Europe Ben Nevis 1345 m Royaume-Uni
17%
Afrique Morne Seychellois 906 m Seychelles
17%
Europe Triglav 2864 m Slovénie
17%
Europe Grauspitz 2599 m Liechtenstein
16%
Asie Villingili 5 m Maldives
16%
Océanie Command Ridge 71 m Nauru
16%
Amérique du Sud Cerro San Rafael 850 m Paraguay
16%
Europe Mont Korab 2764 m Albanie
15%
Asie Mont Olympe 1952 m Chypre
15%
Amérique du Nord Pic la Selle 2680 m Haïti
15%
Océanie lieu non nommé 10 m Îles Marshall
15%
Asie Cheekha Dar 3611 m Irak
15%
Europe Mont Korab 2764 m Macédoine du Nord
15%
Europe Pico 2351 m Portugal
15%
Amérique du Nord Cerro El Pital 2730 m Salvador
15%
Amérique du Sud Mont Catedral 514 m Uruguay
15%
Océanie Mont Ngerchelchuus 242 m Palaos
14%
Europe Gerlachovský štít 2654 m Slovaquie
14%
Amérique du Sud Juliana Top 1280 m Suriname
14%
Asie Mont Hermon 2814 m Israël
13%
Asie Phou Bia 2819 m Laos
13%
Europe Mont Agel 164 m Monaco
13%
Europe Vaalserberg 322 m Pays-Bas
13%
Océanie Mont Popomanaseu 2335 m Salomon
13%
Asie Mont Hermon 2814 m Syrie
13%
Asie Jabal Sawda 3133 m Arabie Saoudite
12%
Asie Djébel ad Dukhan 134 m Bahreïn
12%
Europe Mont Moussala 2925 m Bulgarie
12%
Afrique Pico do Fogo 2829 m Cap-Vert
12%
Amérique du Nord Blue Mountain Peak 2256 m Jamaïque
12%
Océanie lieu non nommé 81 m Kiribati
12%
Asie Qurayn Abu al Bawl 103 m Qatar
12%
Amérique du Nord Soufrière 1220 m Saint-Vincent-et-les-Grenadines
12%
Afrique Mafadi 3450 m Afrique du Sud
11%
Afrique Tahat 2918 m Algérie
11%
Amérique du Nord Mont Alvernia 63 m Bahamas
11%
Asie Phnum Aoral 1813 m Cambodge
11%
Océanie Mont Tomanivi 1324 m Fidji
11%
Europe Carrauntuohil 1038 m Irlande
11%
Afrique Thabana Ntlenyana 3482 m Lesotho
11%
Europe Dealul Bălăneşti 430 m Moldavie
11%
Afrique Königstein 2573 m Namibie
11%
Asie Djebel Shams 3009 m Oman
11%
Afrique Djebel Marra 3042 m Soudan
11%
Océanie Mont Tabwemasana 1875 m Vanuatu
11%
Amérique du Nord Mont Obama 402 m Antigua-et-Barbuda
10%
Europe Maglić 2388 m Bosnie-Herzégovine
10%
Asie Mont Paektu 2744 m Corée du Nord
10%
Europe Suur Munamägi 318 m Estonie
10%
Europe Gaiziņkalns 312 m Lettonie
10%
Asie Qurnat as Sawda' 3088 m Liban
10%
Europe Aukštojas 294 m Lituanie
10%
Europe Kneiff 560 m Luxembourg
10%
Océanie Dolohmwar 791 m Micronésie
10%
Europe Rysy 2503 m Pologne
10%
Europe Mont Titano 739 m Saint-Marin
10%
Océanie Mauga Silisili 1858 m Samoa
10%
Océanie lieu non nommé 1030 m Tonga
10%
Asie Aýrybaba 3139 m Turkménistan
10%
Amérique du Nord Doyle's Delight 1124 m Belize
9%
Amérique du Nord Pico Turquino 1974 m Cuba
9%
Afrique lieu non nommé 53 m Gambie
9%
Amérique du Nord Mont Sainte-Catherine 840 m Grenade
9%
Afrique Pico Basilé 3007 m Guinée équatoriale
9%
Europe Ta'Dmejrek 257 m Malte
9%
Europe Zla Kolata 2534 m Monténégro
9%
Amérique du Nord Mogoton 2107 m Nicaragua
9%
Asie Mont Apo 2954 m Philippines
9%
Europe Midžor 2169 m Serbie
9%
Amérique du Nord Cerro del Aripo 940 m Trinité-et-Tobago
9%
Afrique Morro do Môco 2620 m Angola
8%
Amérique du Nord Mont Hillaby 340 m Barbade
8%
Amérique du Nord Morne Diablotins 1447 m Dominique
8%
Afrique Mont Sainte-Catherine 2642 m Egypte
8%
Europe Kékes 1014 m Hongrie
8%
Europe Velika Rudoka 2658 m Kosovo
8%
Asie Al-Mutla 306 m Koweït
8%
Amérique du Nord Mont Liamuiga 1156 m Saint-Christophe-et-Niévès
8%
Amérique du Nord Mont Gimie 950 m Sainte-Lucie
8%
Afrique Kinyeti 3187 m Soudan du Sud
8%
Europe Kebnekaise 2096 m Suède
8%
Afrique Emi Koussi 3415 m Tchad
8%
Asie Doi Inthanon 2565 m Thaïlande
8%
Europe Mont Dzerjinski 345 m Biélorussie
7%
Afrique Mont Soira 3018 m Erythrée
7%
Europe Halti 1324 m Finlande
7%
Asie Djebel Umm ad Dami 1854 m Jordanie
7%
Afrique Sapitwa 3002 m Malawi
7%
Afrique Piton de la Petite Rivière Noire 828 m Maurice
7%
Asie Bukit Timah 163 m Singapour
7%
Asie Pidurutalagala 2524 m Sri Lanka
7%
Asie Mont Ramelau 2963 m Timor oriental
7%
Europe Dinara 1913 m Croatie
6%
Afrique Maromokatro 2876 m Madagascar
6%
Europe Sniejka 1603 m République tchèque
6%
Asie Bukit Pagon 1850 m Brunei
5%
Afrique Mont Heha 2684 m Burundi
5%
Asie Hallasan 1950 m Corée du Sud
5%
Asie Jabal Bil Ays 1892 m Emirats Arabes Unis
5%
Europe Hoverla 2061 m Ukraine
5%
Asie Mowdok Mual 1052 m Bangladesh
4%
Afrique Mont Nimba 1752 m Côte d'Ivoire
4%
Afrique lieu non nommé 300 m Guinée-Bissau
4%
Afrique Mont Indoukat-n-Taglès 2022 m Niger
4%
Afrique Chappal Waddi 2419 m Nigeria
4%
Afrique Djebel Chambi 1544 m Tunisie
4%
Afrique Mafinga Hills 2301 m Zambie
4%
Afrique Inyangani 2592 m Zimbabwe
4%
Afrique Mont Sokbaro 658 m Bénin
3%
Afrique Tsodilo Hills 1489 m Botswana
3%
Afrique Karthala 2361 m Comores
3%
Afrique Mousa Alli 2028 m Djibouti
3%
Afrique Emlembe 1862 m Eswatini
3%
Afrique Mont Bengoué 1070 m Gabon
3%
Afrique Mont Nimba 1752 m Guinée
3%
Afrique Bikku Bitti 2267 m Libye
3%
Afrique Mont Binga 2436 m Mozambique
3%
Afrique Shimbiris 2416 m Somalie
3%
Afrique Tenakourou 747 m Burkina Faso
2%
Afrique Mont Afadjato 885 m Ghana
2%
Afrique Mont Wuteve 1440 m Liberia
2%
Afrique Hombori Tondo 1155 m Mali
2%
Afrique Kedia d'Idjil 917 m Mauritanie
2%
Afrique Mont Ngaoui 1410 m République Centrafricaine
2%
Afrique Mont Nabemba 1020 m République du Congo
2%
Afrique Nepen Diakha 971 m Sénégal
2%
Afrique Loma Mansa 1948 m Sierra Leone
2%
Afrique Mont Agou 986 m Togo
2%
Aucun quiz correspondant
Distribution des résultats
% des personnes avec chaque résultat
Percentile par nombre de réponses
Votre historique - résultats
Vous n’avez pas pris ce quiz depuis la dernière actualisation